000 00336 a2200157 4500
001 67235
020 _a8532603963
040 _cAnchieta - Pituba
100 _aCarraher, Terezinha Nunes
240 1 0 _aAprender pensando
_lpor
245 1 0 _aAprender pensando
300 _a127
362 0 _a2003
650 4 _aEducação
942 _cBK
999 _c67235
_d67235